100 nomes femininos mais comuns em 2024 - Statistics

Estatísticas Gerais
  • Esse quiz foi jogado 418 vezes
  • A pontuação média é 51 de 100
Estatísticas das Respostas
Hint Resposta % Correto
M Maria
99%
A Ana
92%
H Helena
92%
M* Maria Helena
91%
M* Maria Júlia
81%
A* Ana Júlia
80%
J Júlia
79%
A* Ana Laura
78%
L Laura
78%
L Luara
78%
M* Maria Laura
78%
L Luísa
77%
L Luísa
76%
I Isabel
75%
M* Maria Alice
75%
M* Maria Clara
74%
A* Ana Clara
73%
G Gabriela
73%
L Liz
73%
L Lua
73%
M Mariana
73%
A Alice
72%
A* Ana Beatriz
71%
B Beatriz
71%
A* Aylla Sophia
70%
S Sofia
70%
M* Maria Valentina
67%
V Valentina
67%
C Clara
66%
M* Maria Eduarda
66%
L Letícia
65%
M* Maria Vitória
65%
A* Ana Vitória
64%
V Vitória
64%
I Isabela
63%
B Bianca
62%
M* Maria Cecília
57%
A* Ana Cecília
56%
C Cecília
56%
O Olívia
56%
H Heloísa
55%
S Sara
55%
Y Yasmin
55%
E Elis
54%
L Lívia
54%
M Manuela
54%
E Ester
51%
M* Maria Heloísa
51%
E Elisa
50%
G Giovanna
50%
M Melissa
49%
R Rafaela
49%
M Marina
48%
A* Ana Luiza
47%
I Ísis
47%
L Lara
47%
M* Maria Ísis
47%
M* Maria Luiza
47%
L Laís
45%
M* Maria Elisa
45%
D Diana
44%
I Isabelly
44%
I Isadora
44%
M* Maria Flor
43%
A Ayla
42%
C Catarina
42%
E Emilly
42%
Z Zoé
42%
A Alicia
40%
A Ana Liz
40%
A Aurora
40%
M Maia
39%
L Lorena
38%
M Maitê
38%
M* Maria Liz
38%
B Bela
33%
M Milena
33%
R Rebeca
33%
A Alana
32%
E Eloá
32%
A Antonela
31%
E Emanuelly
29%
E Eva
29%
J Jade
29%
M Mirella
29%
A Ágata
28%
C Clarice
28%
M Mariah
27%
L Lavínia
25%
M Mavie
24%
C Chloe
23%
M Melina
22%
S Serena
20%
M Melinda
18%
B Betina
17%
H Hadassa
17%
M Malu
16%
P Pérola
16%
M Mayla
10%
E Estrela
9%
Nenhum quiz correspondente encontrado
Distribuição das Pontuações
Porcentagem de Pessoas com Cada Pontuação
Percentil de Números Respondidos
Sua Pontuação Histórica
Você não jogou esse quiz